[Event "Mecklenburg VP LL2 West 0708"]
[Site "Mecklenburg VP"]
[Date "2008.02.10"]
[Round "6.7"]
[White "Voelschow, Toni Eleonore"]
[Black "Reeps, Rickert"]
[Result "1/2-1/2"]
[WhiteElo "1785"]
[BlackElo "1681"]
[PlyCount "23"]
[EventDate "2007.10.21"]
[EventType "team-tourn"]
[EventRounds "9"]
[EventCountry "GER"]
[SourceTitle "EXT 2016"]
[Source "ChessBase"]
[SourceDate "2015.10.08"]
[SourceVersion "1"]
[SourceVersionDate "2015.10.08"]
[SourceQuality "1"]
[WhiteTeam "Putlitz"]
[BlackTeam "Malchow Schachinsel"]
[WhiteTeamCountry "GER"]
[BlackTeamCountry "GER"]

1. e4 c5 2. c3 d5 3. exd5 Qxd5 4. d4 cxd4 5. cxd4 e6 6. Nf3 Nc6 7. Nc3 Qd8 8. Bb5 Bd7 9. 0-0 Nf6 10. Bf4 a6 11. Ba4 Be7 12. Rc1 1/2-1/2

[Event "Mecklenburg VP LL2 West 0708"]
[Site "Mecklenburg VP"]
[Date "2008.01.20"]
[Round "5.8"]
[White "Voelschow, Toni Eleonore"]
[Black "Jaehn, Janis"]
[Result "0-1"]
[WhiteElo "1785"]
[BlackElo "1472"]
[PlyCount "32"]
[EventDate "2007.10.21"]
[EventType "team-tourn"]
[EventRounds "9"]
[EventCountry "GER"]
[SourceTitle "EXT 2016"]
[Source "ChessBase"]
[SourceDate "2015.10.08"]
[SourceVersion "1"]
[SourceVersionDate "2015.10.08"]
[SourceQuality "1"]
[WhiteTeam "Putlitz"]
[BlackTeam "Schwerin SF II"]
[WhiteTeamCountry "GER"]
[BlackTeamCountry "GER"]

1. e4 c5 2. Nc3 d6 3. g3 g6 4. Bg2 Bg7 5. d3 Nc6 6. Be3 a6 7. Qd2 Nf6 8. h3 Qc7 9. f4 0-0 10. g4 Rb8 11. Nge2 e6 12. Ng3 Nd4 13. g5 Nd7 14. h4 b5 15. h5 Rd8 16. Bh3 Nf3+ 0-1

[Event "Mecklenburg VP LL1 0607"]
[Site "Mecklenburg VP"]
[Date "2007.01.28"]
[Round "5.3"]
[White "Reinke, Thomas"]
[Black "Voelschow, Toni Eleonore"]
[Result "1-0"]
[WhiteElo "1842"]
[BlackElo "1637"]
[PlyCount "51"]
[EventDate "2006.10.15"]
[EventType "team"]
[EventRounds "9"]
[EventCountry "GER"]
[SourceTitle "EXT 2008"]
[Source "ChessBase"]
[SourceDate "2007.11.25"]
[SourceVersion "1"]
[SourceVersionDate "2007.11.25"]
[SourceQuality "1"]
[WhiteTeam "Saal Waterkant"]
[BlackTeam "Wolgast Motor"]
[WhiteTeamCountry "GER"]
[BlackTeamCountry "GER"]

1. e4 c5 2. Nc3 d6 3. g3 g6 4. Bg2 Bg7 5. f4 e6 6. Nf3 Nc6 7. d3 Nge7 8. Be3 Nd4 9. 0-0 Nec6 10. a3 Rb8 11. Rb1 b5 12. Ne2 Nxe2+ 13. Qxe2 b4 14. axb4 Nxb4 15. c3 Nc6 16. e5 0-0 17. Nd2 Ba6 18. Bxc6 dxe5 19. Nc4 Qc7 20. Bg2 f5 21. fxe5 Bxc4 22. dxc4 Qxe5 23. Rfe1 Rfd8 24. Bf4 Qxe2 25. Rxe2 Rb3 26. Rxe6 1-0

[Event "GER-chT U20 Girls"]
[Site "Torgelow"]
[Date "2006.12.29"]
[Round "6.3"]
[White "Sdunzik, Jennifer"]
[Black "Voelschow, Toni Eleonore"]
[Result "1-0"]
[WhiteElo "1971"]
[BlackElo "1811"]
[PlyCount "47"]
[EventDate "2006.12.27"]
[EventType "team-swiss"]
[EventRounds "7"]
[EventCountry "GER"]
[SourceTitle "EXT 2008"]
[Source "ChessBase"]
[SourceDate "2007.11.25"]
[SourceVersion "1"]
[SourceVersionDate "2007.11.25"]
[SourceQuality "1"]
[WhiteTeam "Ruedersdorf Glueckauf U20 Girls"]
[BlackTeam "Torgelow Droegeheide U20 Girls"]
[WhiteTeamCountry "GER"]
[BlackTeamCountry "GER"]

1. e4 c5 2. Nf3 d6 3. d4 cxd4 4. Nxd4 Nf6 5. Nc3 a6 6. Be3 e6 7. f3 Be7 8. Qd2 b5 9. g4 Bb7 10. 0-0-0 b4 11. Nce2 d5 12. e5 Nfd7 13. f4 Qa5 14. Kb1 Nc5 15. Bg2 Nbd7 16. Nb3 Nxb3 17. cxb3 Rc8 18. Nd4 Nc5 19. f5 Qb6 20. Rhf1 0-0 21. f6 Bd8 22. Bh6 Bxf6 23. exf6 e5 24. Qg5 1-0

[Event "GER-chT U20 Girls"]
[Site "Torgelow"]
[Date "2006.12.28"]
[Round "3.3"]
[White "Voelschow, Toni Eleonore"]
[Black "Schoettler, Katharina"]
[Result "1/2-1/2"]
[WhiteElo "1811"]
[BlackElo "1607"]
[PlyCount "98"]
[EventDate "2006.12.27"]
[EventType "team-swiss"]
[EventRounds "7"]
[EventCountry "GER"]
[SourceTitle "EXT 2008"]
[Source "ChessBase"]
[SourceDate "2007.11.25"]
[SourceVersion "1"]
[SourceVersionDate "2007.11.25"]
[SourceQuality "1"]
[WhiteTeam "Torgelow Droegeheide U20 Girls"]
[BlackTeam "Brackel SF U20 Girls"]
[WhiteTeamCountry "GER"]
[BlackTeamCountry "GER"]

1. d4 d5 2. e3 Nf6 3. Bd3 e6 4. Nd2 Bd6 5. f4 a6 6. c3 c5 7. Qf3 Nc6 8. Ne2 c4 9. Bc2 0-0 10. g4 b5 11. g5 Nd7 12. Qh5 g6 13. Qh6 f5 14. gxf6 Nxf6 15. Rg1 Ne7 16. Nf3 Ra7 17. Nh4 Rf7 18. Nxg6 Nxg6 19. Bxg6 hxg6 20. Rxg6+ Rg7 21. Rxf6 Rh7 22. Rg6+ Rag7 23. Rxg7+ Rxg7 24. Ng3 Rh7 25. Qg6+ Kh8 26. Bd2 Rxh2 27. 0-0-0 Qg8 28. Qf6+ Qg7 29. Qd8+ Qf8 30. Qxf8+ Bxf8 31. Rg1 Kh7 32. Nf1 Rh3 33. Be1 Be7 34. Kd1 Bd7 35. Rg2 Be8 36. Kd2 Bg6 37. Rh2 Rxh2+ 38. Nxh2 Bh5 39. e4 Kg6 40. Ke3 Bd8 41. Nf3 dxe4 42. Nd2 Kf5 43. Nxe4 Bg6 44. Nd6+ Kg4 45. Ne4 Bc7 46. Nf2+ Kf5 47. Nh3 Bh5 48. Kd2 Bxf4+ 49. Nxf4 Kxf4 1/2-1/2

[Event "GER-chT U20 Girls"]
[Site "Torgelow"]
[Date "2006.12.27"]
[Round "1.3"]
[White "Voelschow, Toni Eleonore"]
[Black "Beltz, Carmen"]
[Result "0-1"]
[WhiteElo "1811"]
[BlackElo "1952"]
[PlyCount "58"]
[EventDate "2006.12.27"]
[EventType "team-swiss"]
[EventRounds "7"]
[EventCountry "GER"]
[SourceTitle "EXT 2008"]
[Source "ChessBase"]
[SourceDate "2007.11.25"]
[SourceVersion "1"]
[SourceVersionDate "2007.11.25"]
[SourceQuality "1"]
[WhiteTeam "Torgelow Droegeheide U20 Girls"]
[BlackTeam "Leipzig Gohlis U20 Girls"]
[WhiteTeamCountry "GER"]
[BlackTeamCountry "GER"]

1. e4 c5 2. Nc3 e6 3. g3 g6 4. Bg2 Bg7 5. d3 Nc6 6. Be3 d6 7. Qd2 Qd7 8. f4 b6 9. Nf3 Ba6 10. 0-0 Nge7 11. Nd1 0-0 12. c3 Rae8 13. Nf2 d5 14. exd5 exd5 15. Nh3 Nf5 16. Bf2 d4 17. c4 Ne3 18. Rfe1 Nxg2 19. Kxg2 Bb7 20. Nhg1 Ne7 21. Re2 Nf5 22. Rae1 Qc6 23. g4 Ne3+ 24. Bxe3 dxe3 25. Rxe3 Rxe3 26. Rxe3 Bd4 27. Re4 f5 28. gxf5 gxf5 29. Re7 Bxg1 0-1

[Event "GER-ch U18 Girls"]
[Site "Willingen"]
[Date "2006.06.07"]
[Round "7"]
[White "Janiesch, Maike"]
[Black "Voelschow, Toni Eleonore"]
[Result "0-1"]
[WhiteElo "1637"]
[BlackElo "1850"]
[PlyCount "132"]
[EventDate "2006.06.03"]
[EventType "swiss"]
[EventRounds "9"]
[EventCountry "GER"]
[SourceTitle "EXT 2007"]
[Source "ChessBase"]
[SourceDate "2006.11.23"]
[SourceVersion "1"]
[SourceVersionDate "2006.11.23"]
[SourceQuality "1"]

1. d4 d5 2. c4 e6 3. Nc3 Be7 4. cxd5 exd5 5. Qc2 Nf6 6. Bg5 h6 7. Bxf6 Bxf6 8. e3 0-0 9. Bd3 Re8 10. Nge2 c6 11. 0-0 Nd7 12. b4 a6 13. Na4 Be7 14. Rab1 Qc7 15. Rfc1 b5 16. Nb2 Bb7 17. a3 Nb6 18. Re1 Nc4 19. Nxc4 bxc4 20. Bf5 a5 21. Nc3 axb4 22. axb4 Bd6 23. g3 Ra3 24. Na4 Ra8 25. Nc5 Bc8 26. Bxc8 Qxc8 27. Qb2 Ra2 28. Qc1 Qf5 29. Rb2 Qf3 30. Qb1 Rxb2 31. Qxb2 h5 32. h3 Bxg3 33. fxg3 Qxg3+ 34. Kf1 Qxh3+ 35. Qg2 Qxg2+ 36. Kxg2 Ra2+ 37. Kf3 Rb2 38. Na6 g5 39. Rh1 h4 40. Nb8 Rxb4 41. Nxc6 Rb5 42. Kg4 f6 43. Re1 Kg7 44. Ra1 Rb7 45. Ra5 Rb3 46. Rxd5 Rxe3 47. Rd7+ Kf8 48. Rd8+ Re8 49. Rd5 c3 50. Rc5 Re3 51. Ra5 h3 52. Ra8+ Re8 53. Ra2 Re3 54. Ra8+ Kf7 55. Ra7+ Ke8 56. Ra2 Rd3 57. Rc2 Kd7 58. Na5 Rxd4+ 59. Kxh3 Rd3+ 60. Kg4 Ke6 61. Re2+ Kd5 62. Rc2 Ke4 63. Nb3 Kd5 64. Kf5 Kc4 65. Na5+ Kb4 66. Nc6+ Kb3 0-1

[Event "GER-ch U18 Girls"]
[Site "Willingen"]
[Date "2006.06.04"]
[Round "2"]
[White "Voelschow, Toni Eleonore"]
[Black "Schoettler, Katharina"]
[Result "1/2-1/2"]
[WhiteElo "1850"]
[BlackElo "1655"]
[PlyCount "63"]
[EventDate "2006.06.03"]
[EventType "swiss"]
[EventRounds "9"]
[EventCountry "GER"]
[SourceTitle "EXT 2007"]
[Source "ChessBase"]
[SourceDate "2006.11.23"]
[SourceVersion "1"]
[SourceVersionDate "2006.11.23"]
[SourceQuality "1"]

1. e4 c5 2. Nc3 Nc6 3. g3 g6 4. Bg2 Bg7 5. d3 d6 6. Be3 e6 7. Qd2 Nge7 8. Bh6 0-0 9. h4 Nd4 10. 0-0-0 b5 11. h5 b4 12. Nce2 Qa5 13. Kb1 Rb8 14. hxg6 fxg6 15. Bxg7 Kxg7 16. Qh6+ Kf7 17. Nxd4 cxd4 18. Qf4+ Ke8 19. Qxd6 Rb6 20. Qxd4 e5 21. Qe3 Ra6 22. Rxh7 Qxa2+ 23. Kc1 Qa1+ 24. Kd2 Qxb2 25. Qc5 Qc3+ 26. Qxc3 bxc3+ 27. Kxc3 Rc6+ 28. Kb2 Rxf2 29. Rh8+ Kf7 30. Rf1 Rcxc2+ 31. Ka3 Rxf1 32. Bxf1 1/2-1/2

[Event "GER-ch U18 Girls"]
[Site "Willingen"]
[Date "2006.06.03"]
[Round "1"]
[White "Winkelmann, Elena"]
[Black "Voelschow, Toni Eleonore"]
[Result "1-0"]
[WhiteElo "2055"]
[BlackElo "1850"]
[PlyCount "76"]
[EventDate "2006.06.03"]
[EventType "swiss"]
[EventRounds "9"]
[EventCountry "GER"]
[SourceTitle "EXT 2007"]
[Source "ChessBase"]
[SourceDate "2006.11.23"]
[SourceVersion "1"]
[SourceVersionDate "2006.11.23"]
[SourceQuality "1"]

1. f4 d5 2. Nf3 c5 3. b3 Nf6 4. e3 e6 5. Bb2 a6 6. a4 b6 7. Be2 Bb7 8. 0-0 Nc6 9. Qe1 Qc7 10. Ne5 0-0-0 11. d4 Ne4 12. Bd3 Nb4 13. Bxe4 dxe4 14. Na3 f6 15. Nec4 Rd5 16. Qe2 h5 17. Rad1 Be7 18. Nd2 f5 19. Ndc4 h4 20. Ne5 Bf6 21. dxc5 bxc5 22. Nac4 Rhd8 23. a5 Rxd1 24. Nb6+ Kb8 25. Rxd1 Rxd1+ 26. Qxd1 Ka7 27. c4 Bc8 28. Qd2 Bb7 29. h3 Qe7 30. Bc3 Bxe5 31. Bxb4 Bc7 32. Bc3 Bxb6 33. axb6+ Kxb6 34. b4 cxb4 35. Bxb4 Qe8 36. Qd4+ Kc7 37. Ba5+ Kc8 38. Qd6 Qc6 1-0

[Event "GER-chT U20 Girls"]
[Site "Naunhof"]
[Date "2005.12.28"]
[Round "4.3"]
[White "Billing, Tanja"]
[Black "Voelschow, Toni Eleonore"]
[Result "1/2-1/2"]
[WhiteElo "1479"]
[BlackElo "1666"]
[PlyCount "83"]
[EventDate "2005.12.27"]
[EventType "team-swiss"]
[EventRounds "7"]
[EventCountry "GER"]
[SourceTitle "CBM 110 Extra"]
[Source "ChessBase"]
[SourceDate "2006.03.10"]
[SourceVersion "2"]
[SourceVersionDate "2006.03.10"]
[SourceQuality "1"]

1. c4 c5 2. e3 Nf6 3. Nf3 e6 4. d4 cxd4 5. Nxd4 Be7 6. Be2 d6 7. Nd2 Nbd7 8. N2f3 a6 9. 0-0 Qc7 10. b3 b6 11. Bb2 Bb7 12. Rc1 h6 13. Qd2 Rc8 14. Rfd1 Ne4 15. Qc2 Ndf6 16. Nd2 0-0 17. Nxe4 Bxe4 18. Qd2 Bb7 19. Bf3 Rfd8 20. Bxb7 Qxb7 21. Ba3 Ne4 22. Qe2 Nf6 23. Qf3 Qxf3 24. Nxf3 Kf8 25. Nd4 d5 26. Bxe7+ Kxe7 27. cxd5 Rxc1 28. Rxc1 Rxd5 29. Kf1 Rc5 30. Rxc5 bxc5 31. Nc6+ Kd7 32. Ne5+ Ke7 33. Ke1 Ne4 34. f3 Nc3 35. a3 f6 36. Nc4 Kd7 37. Kd2 Nb5 38. Kd3 Kc6 39. a4 Nc7 40. Na5+ Kb6 41. Nc4+ Kc6 42. Na5+ 1/2-1/2

[Event "GER-chT U20 Girls"]
[Site "Naunhof"]
[Date "2005.12.28"]
[Round "3.3"]
[White "Voelschow, Toni Eleonore"]
[Black "Gheng, Hannelore"]
[Result "1-0"]
[WhiteElo "1666"]
[BlackElo "1359"]
[PlyCount "99"]
[EventDate "2005.12.27"]
[EventType "team-swiss"]
[EventRounds "7"]
[EventCountry "GER"]
[SourceTitle "CBM 110 Extra"]
[Source "ChessBase"]
[SourceDate "2006.03.10"]
[SourceVersion "2"]
[SourceVersionDate "2006.03.10"]
[SourceQuality "1"]

1. e4 e5 2. Nf3 Nc6 3. Bc4 Nf6 4. d3 d5 5. exd5 Nxd5 6. 0-0 Bc5 7. Re1 Bg4 8. h3 Bh5 9. Nxe5 Bxf2+ 10. Kxf2 Qh4+ 11. g3 Qd4+ 12. Kg2 0-0 13. Qxh5 Rae8 14. Nxc6 bxc6 15. Rxe8 Rxe8 16. c3 Qf6 17. Qf3 Qe6 18. Bd2 Qg6 19. Na3 h5 20. Re1 Rd8 21. Nc2 h4 22. g4 Qd6 23. Nd4 Nf6 24. Bf4 Qd7 25. Qxc6 Qc8 26. Qxc7 Qa8+ 27. Qc6 Qxc6+ 28. Nxc6 Rd7 29. Re7 Rxe7 30. Nxe7+ Kf8 31. Nc6 Nd7 32. Nxa7 f6 33. Nc6 g5 34. Bd6+ Kg7 35. a4 Kh6 36. a5 Kg7 37. a6 Kh6 38. a7 Nb6 39. Bc5 Na8 40. Ne7 Kg7 41. Bd5 Nc7 42. Bb6 Nxd5 43. Nxd5 Kh6 44. a8Q Kg7 45. Qb7+ Kh6 46. Qf7 f5 47. Qf6+ Kh7 48. Ne7 f4 49. Qg6+ Kh8 50. Qg8# 1-0

[Event "Mecklenburg VP LL1 0506"]
[Site "Mecklenburg VP"]
[Date "2005.10.23"]
[Round "1.3"]
[White "Voelschow, Toni Eleonore"]
[Black "Friedrich, Hermann"]
[Result "0-1"]
[WhiteElo "1657"]
[BlackElo "1910"]
[PlyCount "48"]
[EventDate "2005.10.23"]
[EventType "team"]
[EventRounds "9"]
[EventCountry "GER"]
[SourceTitle "EXT 2008"]
[Source "ChessBase"]
[SourceDate "2007.11.25"]
[SourceVersion "1"]
[SourceVersionDate "2007.11.25"]
[SourceQuality "1"]
[WhiteTeam "Saal Waterkant"]
[BlackTeam "Neubrandenburg SV Turbine"]
[WhiteTeamCountry "GER"]
[BlackTeamCountry "GER"]

1. e4 e5 2. Nf3 Nc6 3. Bc4 Be7 4. d4 d6 5. Be3 Nf6 6. Nbd2 0-0 7. h3 d5 8. exd5 exd4 9. dxc6 dxe3 10. fxe3 Bc5 11. e4 bxc6 12. Qe2 Nh5 13. Qd1 Ng3 14. Rh2 Qe7 15. Bd3 Bb6 16. c3 Rd8 17. Qc2 Qd6 18. Bc4 Be3 19. Rd1 Be6 20. Bxe6 Qxe6 21. b3 Qh6 22. h4 Bg1 23. Nc4 Bxh2 24. Nxh2 Qxh4 0-1

[Event "Dresden ZMD op"]
[Site "Dresden"]
[Date "2005.07.24"]
[Round "2"]
[White "Voelschow, Toni Eleonore"]
[Black "Amos, Frank"]
[Result "0-1"]
[WhiteElo "1929"]
[BlackElo "2235"]
[PlyCount "52"]
[EventDate "2005.07.23"]
[EventType "swiss"]
[EventRounds "9"]
[EventCountry "GER"]
[SourceTitle "EXT 2006"]
[Source "ChessBase"]
[SourceDate "2005.11.24"]
[SourceVersion "1"]
[SourceVersionDate "2005.11.24"]
[SourceQuality "1"]

1. e4 e5 2. Nf3 Nc6 3. Bc4 Nf6 4. Ng5 d5 5. exd5 Na5 6. d3 Bg4 7. f3 Bd7 8. Nc3 a6 9. a3 b5 10. Ba2 Bc5 11. d6 0-0 12. dxc7 Qxc7 13. Bd2 Ba7 14. Nge4 Nc6 15. Nxf6+ gxf6 16. Nd5 Qd8 17. Bh6 Re8 18. Qd2 Be6 19. Nc3 Bxa2 20. Nxa2 Nd4 21. 0-0-0 Rc8 22. Nc3 a5 23. Be3 b4 24. Bxd4 Bxd4 25. Nb5 bxa3 26. Nxa3 Qb6 0-1

[Event "GER-ch U16 Girls"]
[Site "Willingen"]
[Date "2005.05.21"]
[Round "9"]
[White "Gasch, Franziska"]
[Black "Voelschow, Toni Eleonore"]
[Result "1/2-1/2"]
[WhiteElo "1651"]
[BlackElo "1925"]
[PlyCount "122"]
[EventDate "2005.05.14"]
[EventType "swiss"]
[EventRounds "9"]
[EventCountry "GER"]
[SourceTitle "CBM 106 Extra"]
[Source "ChessBase"]
[SourceDate "2005.07.01"]
[SourceVersion "1"]
[SourceVersionDate "2005.07.01"]
[SourceQuality "1"]

1. e4 c5 2. Nc3 Nc6 3. g3 g6 4. Bg2 Bg7 5. d3 e6 6. f4 Nge7 7. Nf3 d6 8. 0-0 Rb8 9. Be3 b5 10. d4 b4 11. Ne2 cxd4 12. Nexd4 0-0 13. Kh1 Qc7 14. Rb1 a5 15. Qd3 Na7 16. Nh4 f5 17. exf5 gxf5 18. Rbe1 Rf6 19. Bg1 Nec6 20. Qc4 d5 21. Qd3 Bd7 22. Nhf3 Re8 23. Ne5 Nxe5 24. Rxe5 Rf7 25. Re3 Qc4 26. Qxc4 dxc4 27. Ree1 Nb5 28. Rd1 Rc8 29. h3 c3 30. b3 Na3 31. Rc1 Re8 32. Rfe1 Kf8 33. Nf3 Bc6 34. Ne5 Bxe5 35. Rxe5 Bxg2+ 36. Kxg2 Ra8 37. Kf3 Rd7 38. Bf2 Rd5 39. Be3 Rxe5 40. fxe5 Rb8 41. Bf4 Nb5 42. Rd1 Rb7 43. Ke2 Na3 44. Kd3 Rb5 45. Rc1 Rd5+ 46. Ke2 Ke7 47. Bg5+ Kd7 48. Bf4 Kc6 49. Ke1 Kb5 50. Ke2 Kc6 51. Ke1 a4 52. Ke2 axb3 53. axb3 Nb5 54. Kf2 Nd4 55. Be3 Nb5 56. Bf4 Rd8 57. Ra1 Na3 58. Rc1 Ra8 59. Ra1 Ra5 60. Ke2 Rd5 61. Rc1 Nb5 1/2-1/2

[Event "GER-ch U16 Girls"]
[Site "Willingen"]
[Date "2005.05.19"]
[Round "7"]
[White "Giss, Helene"]
[Black "Voelschow, Toni Eleonore"]
[Result "1/2-1/2"]
[WhiteElo "2045"]
[BlackElo "1925"]
[PlyCount "48"]
[EventDate "2005.05.14"]
[EventType "swiss"]
[EventRounds "9"]
[EventCountry "GER"]
[SourceTitle "CBM 106 Extra"]
[Source "ChessBase"]
[SourceDate "2005.07.01"]
[SourceVersion "1"]
[SourceVersionDate "2005.07.01"]
[SourceQuality "1"]

1. e4 c5 2. d3 d6 3. g3 g6 4. Bg2 Bg7 5. f4 e6 6. Nf3 Ne7 7. 0-0 Nbc6 8. Nc3 0-0 9. Be3 b6 10. Rb1 d5 11. Bf2 Bb7 12. Nh4 dxe4 13. dxe4 Ba6 14. Re1 Qc7 15. f5 Rad8 16. Qg4 Ne5 17. Qh3 g5 18. g4 gxh4 19. Bxh4 exf5 20. exf5 f6 21. Ne4 Nd5 22. Qg3 h6 23. Rbd1 Bb7 24. h3 Rfe8 1/2-1/2

[Event "GER-ch U16 Girls"]
[Site "Willingen"]
[Date "2005.05.16"]
[Round "4"]
[White "Dittrich, Jacqueline"]
[Black "Voelschow, Toni Eleonore"]
[Result "0-1"]
[WhiteElo "1648"]
[BlackElo "1925"]
[PlyCount "96"]
[EventDate "2005.05.14"]
[EventType "swiss"]
[EventRounds "9"]
[EventCountry "GER"]
[SourceTitle "CBM 106 Extra"]
[Source "ChessBase"]
[SourceDate "2005.07.01"]
[SourceVersion "1"]
[SourceVersionDate "2005.07.01"]
[SourceQuality "1"]

1. e4 c5 2. Nf3 a6 3. d4 cxd4 4. Nxd4 e6 5. f4 d6 6. a4 Qc7 7. Nc3 Nf6 8. Nf3 Nbd7 9. Bd3 b6 10. 0-0 Bb7 11. Qe2 e5 12. Nd1 Nc5 13. Nf2 Qc6 14. b4 Ncd7 15. b5 Qc8 16. Be3 a5 17. c4 Qc7 18. Rad1 Be7 19. Rd2 Nc5 20. Bxc5 Qxc5 21. fxe5 dxe5 22. Rfd1 Rc8 23. Kf1 0-0 24. Bc2 Qc7 25. Bd3 Bb4 26. Rc2 Nd7 27. Ng4 f6 28. Ra2 Nc5 29. Rc1 Rfd8 30. Bb1 Nb3 31. Rcc2 Nd4 32. Nxd4 Rxd4 33. Nf2 Rxc4 34. Rxc4 Qxc4 35. Qxc4+ Rxc4 36. Rc2 Rxc2 37. Bxc2 Kf7 38. Ke2 Ke7 39. Kf3 Bc8 40. Ng4 Bc5 41. h3 Be6 42. Nh2 Kd6 43. Nf1 Bd4 44. Nd2 Kc5 45. Ke2 Kb4 46. Kd3 Bc3 47. Nb1 Bc4+ 48. Ke3 Bd4+ 0-1

[Event "Mecklenburg VP LL1 0405"]
[Site "Mecklenburg VP"]
[Date "2005.01.16"]
[Round "5.3"]
[White "Zentgraf, Robert"]
[Black "Voelschow, Toni Eleonore"]
[Result "1/2-1/2"]
[WhiteElo "1982"]
[BlackElo "1715"]
[PlyCount "164"]
[EventDate "2004.10.24"]
[EventType "team"]
[EventRounds "9"]
[EventCountry "GER"]
[SourceTitle "EXT 2009"]
[Source "ChessBase"]
[SourceDate "2008.11.26"]
[SourceVersion "1"]
[SourceVersionDate "2008.11.26"]
[SourceQuality "1"]
[WhiteTeam "Torgelow Droegeheide"]
[BlackTeam "Waterkant Saal SV"]
[WhiteTeamCountry "GER"]
[BlackTeamCountry "GER"]

1. e4 c5 2. Nf3 d6 3. d4 cxd4 4. Nxd4 Nf6 5. Nc3 a6 6. Be3 e6 7. f3 Qc7 8. Qd2 b5 9. 0-0-0 Nbd7 10. Kb1 b4 11. Nce2 Rb8 12. g4 Ne5 13. Ng3 Nfd7 14. h3 Nb6 15. f4 Nec4 16. Bxc4 Nxc4 17. Qe1 a5 18. Bc1 Ba6 19. Rh2 Rc8 20. Nh5 Nb6 21. Qh4 Qe7 22. Qxe7+ Kxe7 23. b3 g6 24. Ng3 Bg7 25. Bb2 f6 26. f5 e5 27. Ne6 Bh6 28. Bc1 Bxc1 29. Kxc1 Rc3 30. Nf1 Bxf1 31. Rxf1 Re3 32. Rd1 Rxe4 33. Rhd2 d5 34. Nc7 d4 35. Kb2 Rc8 36. Nb5 Nd5 37. fxg6 hxg6 38. Rd3 Nc3 39. Nxc3 Rxc3 40. a3 bxa3+ 41. Kb1 Re3 42. Rxe3 Rxe3 43. Rh1 Rg3 44. Ka2 Rg2 45. Kxa3 Rxc2 46. b4 axb4+ 47. Kxb4 d3 48. Re1 Re2 49. Ra1 Re4+ 50. Kc3 Rd4 51. Kd2 e4 52. Ke3 Rc4 53. h4 f5 54. Ra7+ Kf8 55. Ra8+ Kg7 56. g5 Rc7 57. Ra6 Rd7 58. Ra1 Kf7 59. Kd2 Ke6 60. Ra6+ Rd6 61. Ra1 e3+ 62. Kd1 e2+ 63. Kd2 f4 64. Ra5 Rd5 65. Ra8 e1Q+ 66. Kxe1 d2+ 67. Kd1 Kf5 68. Rf8+ Kg4 69. h5 gxh5 70. g6 Rg5 71. Kxd2 Rxg6 72. Ke1 h4 73. Kf1 h3 74. Kg1 Kg3 75. Rf7 Rg4 76. Rf8 f3 77. Rf7 Rg5 78. Rf8 Kg4 79. Kh2 Rf5 80. Ra8 f2 81. Ra1 f1Q 82. Rxf1 Rxf1 1/2-1/2

[Event "GER-chT U20 Girls"]
[Site "Pori"]
[Date "2004.12.27"]
[Round "2.3"]
[White "Voelschow, Toni Eleonore"]
[Black "Neldner, Uta"]
[Result "0-1"]
[WhiteElo "1686"]
[BlackElo "1707"]
[PlyCount "124"]
[EventDate "2004.12.27"]
[EventType "team"]
[EventRounds "7"]
[EventCountry "GER"]
[SourceTitle "EXT 2006"]
[Source "ChessBase"]
[SourceDate "2005.11.24"]
[SourceVersion "1"]
[SourceVersionDate "2005.11.24"]
[SourceQuality "1"]

1. e4 c5 2. Nc3 Nc6 3. g3 g6 4. Bg2 Bg7 5. d3 d6 6. Be3 Bd7 7. f4 e6 8. Nf3 Nge7 9. Qd2 0-0 10. 0-0 a6 11. Nd1 Rb8 12. c3 b6 13. d4 cxd4 14. cxd4 d5 15. e5 b5 16. Bf2 b4 17. Ne3 Na5 18. b3 Bb5 19. Rfc1 Nac6 20. Rc5 Qb6 21. Rac1 Rfc8 22. Bh3 h6 23. g4 f5 24. g5 Rc7 25. gxh6 Bxh6 26. Ng5 Bxg5 27. fxg5 Rbc8 28. Ng2 a5 29. Nf4 Kf7 30. Bg2 Rh8 31. Bf3 Ba6 32. Qc2 Bb7 33. h4 Rxh4 34. Qd2 Rh7 35. Kg2 Rd7 36. Bg3 Nc8 37. Kf2 N8a7 38. Kg2 Nb5 39. Ne2 Rd8 40. Qf4 Rdh8 41. Kf2 Nb8 42. Rd1 Na6 43. Rcc1 Nb8 44. Ke3 Nd7 45. Rh1 Na7 46. Rh2 Rxh2 47. Bxh2 Nc6 48. Kd2 Ba6 49. Bg1 Qb5 50. Ng3 Ndb8 51. Be2 Qb6 52. Bf3 Na7 53. Bxd5 exd5 54. e6+ Ke8 55. Qe5 Rh7 56. Qxd5 Bb7 57. Qe5 Nbc6 58. Qf6 Ne7 59. d5 Qd6 60. Bxa7 Qf4+ 61. Be3 Qxg3 62. Rc7 Qxc7 0-1

[Event "GER-chT North U16"]
[Site "Syke"]
[Date "2004.09.19"]
[Round "7.2"]
[White "Voelschow, Toni Eleonore"]
[Black "Szczap, Arthur"]
[Result "1-0"]
[WhiteElo "1725"]
[BlackElo "1552"]
[PlyCount "87"]
[EventDate "2004.09.16"]
[EventType "team-swiss"]
[EventRounds "7"]
[EventCountry "GER"]
[SourceTitle "EXT 2006"]
[Source "ChessBase"]
[SourceDate "2005.11.24"]
[SourceVersion "1"]
[SourceVersionDate "2005.11.24"]
[SourceQuality "1"]

1. e4 c5 2. Nc3 Nc6 3. g3 e6 4. Bg2 d6 5. d3 Bd7 6. f4 Nge7 7. Be3 g6 8. Qd2 Bg7 9. Nf3 a6 10. Rb1 0-0 11. 0-0 b5 12. Ne2 b4 13. c3 a5 14. g4 f5 15. g5 e5 16. fxe5 fxe4 17. exd6 exf3 18. dxe7 Qxe7 19. Bxf3 Rae8 20. Be4 Bf5 21. Ng3 Bxe4 22. Nxe4 Rxf1+ 23. Rxf1 c4 24. Bc5 Qd8 25. Nf6+ Bxf6 26. gxf6 Ne5 27. Qh6 Qd7 28. Be7 Rxe7 29. fxe7 Qxe7 30. d4 Nf7 31. Qf4 bxc3 32. bxc3 g5 33. Qf3 h6 34. Qf2 Qe6 35. Re1 Qd7 36. Qf6 a4 37. Re6 Qb7 38. Re8+ Kh7 39. Re7 Qb1+ 40. Kf2 Qc2+ 41. Re2 Qg6 42. Qxg6+ Kxg6 43. Re6+ Kf5 44. Rc6 1-0

[Event "GER-chT North U16"]
[Site "Syke"]
[Date "2004.09.18"]
[Round "5.2"]
[White "Juenemann, Marcel"]
[Black "Voelschow, Toni Eleonore"]
[Result "1-0"]
[WhiteElo "1615"]
[BlackElo "1725"]
[PlyCount "67"]
[EventDate "2004.09.16"]
[EventType "team-swiss"]
[EventRounds "7"]
[EventCountry "GER"]
[SourceTitle "EXT 2006"]
[Source "ChessBase"]
[SourceDate "2005.11.24"]
[SourceVersion "1"]
[SourceVersionDate "2005.11.24"]
[SourceQuality "1"]

1. e4 c5 2. Nf3 d6 3. d4 cxd4 4. Nxd4 Nf6 5. Nc3 a6 6. Bg5 e6 7. f4 Qc7 8. Bxf6 gxf6 9. Qf3 b5 10. Bd3 Bb7 11. 0-0-0 b4 12. Nce2 Nd7 13. Rhe1 Rc8 14. Nb3 Nc5 15. Ned4 Nxb3+ 16. Nxb3 Bh6 17. Kb1 f5 18. Nd4 Bg7 19. Qe3 fxe4 20. Bxe4 Bxe4 21. Qxe4 d5 22. Qe2 Bxd4 23. Rxd4 Qc5 24. Qd2 0-0 25. Rxb4 Rfd8 26. Rd4 Rd7 27. f5 Rdc7 28. c3 Rb7 29. f6 Qxc3 30. Qg5+ Kf8 31. Qg7+ Ke8 32. Qg8+ Kd7 33. Qxf7+ Kd8 34. Rxd5+ 1-0